00644nam a2200181 i 450000100060000000300090000600500170001500700030003200800410003510000210007624501650009725000150026226000630027730000320034070000270037270000320039985200310043157450ES-MaACL20250802095048.0t|031016s1944 sp ||||1| spa d1 aDoerfler, Peter.10aCuando aún vivía mamá b: novela / cPeter Doerfler ; [traducción del original alemán, por Mariano Orta Manzano ; ilustraciones de Pedro de Valencia]. a[1ª ed.]. aValencia : bHorizontes, c[1944] (fTipografía Moderna) a281 p., 2 lám. ; c18 cm.1 aOrta Manzano, Mariano.0 aValencia, Pedro de, d1902- aES-MaACLjC-2709 bR.21853